[Event "Natal U15 op"]
[Site "Natal"]
[Date "2013.11.10"]
[Round "5"]
[White "Broday, Geovani Allan"]
[Black "Chiari, Arthur Gontijo"]
[Result "0-1"]
[WhiteElo "2135"]
[BlackElo "2115"]
[PlyCount "88"]
[EventDate "2013.11.08"]
[EventType "swiss"]
[EventRounds "5"]
[EventCountry "BRA"]
[SourceTitle "EXT 2016"]
[Source "ChessBase"]
[SourceDate "2015.10.08"]
[SourceVersion "1"]
[SourceVersionDate "2015.10.08"]
[SourceQuality "1"]

1. e4 c5 2. Nf3 d6 3. Bc4 e6 4. Qe2 Nf6 5. c3 Be7 6. Bb3 d5 7. e5 Nfd7 8. d4 Nc6 9. 0-0 Qb6 10. Rd1 a6 11. Bc2 0-0 12. a3 f6 13. Qd3 f5 14. Nbd2 Re8 15. Nf1 Nf8 16. Bg5 Qd8 17. Bxe7 Qxe7 18. dxc5 Qxc5 19. b4 Qe7 20. c4 dxc4 21. Qxc4 Bd7 22. Ne3 Kh8 23. Qe2 Na7 24. Bd3 Rac8 25. Nc4 Nb5 26. Qb2 Bc6 27. Nd4 Nxd4 28. Qxd4 Qg5 29. Bf1 Re7 30. f4 Qg6 31. Nd6 Rcc7 32. Rd3 Bd5 33. Rg3 Qh5 34. Be2 Qxe2 35. Nxf5 exf5 36. Qxd5 Red7 37. Qb3 Qc4 38. Qe3 Qd4 39. Re1 Ne6 40. Rf3 Kg8 41. Kf2 Rc2+ 42. Kg3 Qxe3 43. Rfxe3 Rdd2 44. Rg1 g5 0-1

[Event "Natal U15 op"]
[Site "Natal"]
[Date "2013.11.09"]
[Round "4"]
[White "Chiari, Arthur Gontijo"]
[Black "De Carvalho, Miguel Angelo A"]
[Result "1-0"]
[WhiteElo "2115"]
[BlackElo "2106"]
[PlyCount "97"]
[EventDate "2013.11.08"]
[EventType "swiss"]
[EventRounds "5"]
[EventCountry "BRA"]
[SourceTitle "EXT 2016"]
[Source "ChessBase"]
[SourceDate "2015.10.08"]
[SourceVersion "1"]
[SourceVersionDate "2015.10.08"]
[SourceQuality "1"]

1. e4 c5 2. Nf3 d6 3. d4 cxd4 4. Nxd4 Nf6 5. Nc3 a6 6. h3 e5 7. Nde2 h5 8. g3 Be6 9. Bg2 Nbd7 10. 0-0 Be7 11. a4 Rc8 12. b3 0-0 13. Nd5 Nxd5 14. exd5 Bf5 15. c4 h4 16. g4 Bh7 17. Nc3 Nc5 18. a5 Bg5 19. f4 Bxf4 20. Bxf4 exf4 21. Rxf4 Qg5 22. Ne2 Rfe8 23. Rf3 Be4 24. Rc3 Bxg2 25. Kxg2 Re3 26. Ra2 Rxc3 27. Nxc3 Qe3 28. Qf3 Qxf3+ 29. Kxf3 Nxb3 30. Ne4 Rxc4 31. Nxd6 Rc5 32. Nxb7 Rxd5 33. Ra3 Rb5 34. Nd6 Rb8 35. Nf5 g5 36. Ke4 Kh7 37. Ne7 Kg7 38. Nd5 Rb5 39. Nc7 Rb4+ 40. Kd5 Kg6 41. Nxa6 Rb5+ 42. Kd6 Nxa5 43. Ke7 Rb7+ 44. Ke8 Nc6 45. Rc3 Ne5 46. Nc7 Kf6 47. Na6 Rb6 48. Ra3 Nc4 49. Ra4 1-0

[Event "FENAJ-ch U16"]
[Site "Brazil"]
[Date "2013.06.01"]
[Round "5"]
[White "Chiari, Arthur Gontijo"]
[Black "Stone, Ronnie Frank Pires"]
[Result "1-0"]
[WhiteElo "2101"]
[BlackElo "1993"]
[PlyCount "77"]
[EventDate "2013.05.30"]
[EventType "swiss"]
[EventRounds "6"]
[EventCountry "BRA"]
[SourceTitle "EXT 2015"]
[Source "ChessBase"]
[SourceDate "2014.11.20"]
[SourceVersion "1"]
[SourceVersionDate "2014.11.20"]
[SourceQuality "1"]

1. e4 c6 2. d4 d5 3. Nc3 dxe4 4. Nxe4 Bf5 5. Ng3 Bg6 6. h4 h6 7. Nf3 Nd7 8. h5 Bh7 9. Bd3 Bxd3 10. Qxd3 e6 11. Bd2 Ngf6 12. 0-0-0 Qc7 13. Ne4 Nxe4 14. Qxe4 Nf6 15. Qe2 Rd8 16. Kb1 Bd6 17. Ne5 Nd5 18. f4 Ne7 19. g4 Bxe5 20. dxe5 b5 21. f5 Rd5 22. fxe6 fxe6 23. Rde1 Rf8 24. Bc1 Kd7 25. Qe4 Rf7 26. Qh7 Ke8 27. Qh8+ Kd7 28. Rhf1 Rxf1 29. Rxf1 Qxe5 30. Qa8 Qc7 31. Rf7 Rd1 32. Qf8 Qd6 33. Qxg7 Qb4 34. b3 Rg1 35. Qxh6 Rxg4 36. Qe3 Qd4 37. Qxd4+ Rxd4 38. Bg5 Rg4 39. Rxe7+ 1-0

[Event "BRA Schools Olympid"]
[Site "Cuiaba"]
[Date "2012.12.01"]
[Round "4"]
[White "Chiari, Arthur Gontijo"]
[Black "Medeiros, Israel Costa Smith"]
[Result "1-0"]
[WhiteElo "2101"]
[BlackElo "1927"]
[PlyCount "58"]
[EventDate "2012.11.30"]
[EventType "swiss"]
[EventRounds "5"]
[EventCountry "BRA"]
[SourceTitle "EXT 2022"]
[Source "ChessBase"]
[SourceDate "2021.10.06"]
[SourceVersion "1"]
[SourceVersionDate "2021.10.06"]
[SourceQuality "1"]

1. e4 c5 2. Nf3 d6 3. d4 cxd4 4. Nxd4 Nf6 5. Nc3 g6 6. Be3 Bg7 7. f3 0-0 8. Qd2 Nc6 9. 0-0-0 d5 10. Kb1 Nxd4 11. e5 Nxf3 12. gxf3 Nh5 13. Qxd5 Qc7 14. f4 Be6 15. Qg2 Bh6 16. Qf2 Ng7 17. h4 Rfc8 18. h5 Nf5 19. Bd3 Bg7 20. hxg6 hxg6 21. Ne4 Bc4 22. Bc1 Rd8 23. Rh3 b6 24. Qh2 Bxd3 25. cxd3 f6 26. Rg1 Rac8 27. Nc3 fxe5 28. Rxg6 Kf7 29. Qg2 Rh8 1-0

[Event "Wch U16"]
[Site "Maribor"]
[Date "2012.11.18"]
[Round "11.33"]
[White "Chiari, Arthur Gontijo"]
[Black "Abe, Mahiro"]
[Result "1/2-1/2"]
[WhiteElo "2101"]
[BlackElo "1946"]
[PlyCount "80"]
[EventDate "2012.11.08"]
[EventType "swiss"]
[EventRounds "11"]
[EventCountry "SLO"]
[SourceTitle "EXT 2013"]
[Source "ChessBase"]
[SourceDate "2012.11.22"]
[SourceVersion "1"]
[SourceVersionDate "2012.11.22"]
[SourceQuality "1"]

1. e4 e5 2. Nf3 Nf6 3. Nxe5 d6 4. Nf3 Nxe4 5. Nc3 Nxc3 6. dxc3 Be7 7. Be3 Nc6 8. Qd2 Be6 9. 0-0-0 Qd7 10. Kb1 a6 11. h3 Bf6 12. g4 0-0-0 13. Bg2 d5 14. Nd4 Nxd4 15. Bxd4 Bxd4 16. Qxd4 f6 17. Qa7 c6 18. c4 Qc7 19. cxd5 Bxd5 20. Bxd5 Rxd5 21. Rxd5 cxd5 22. Re1 Rd8 23. c3 Qd6 24. Re3 Kc7 25. a3 Rd7 26. Qd4 Kd8 27. Rd3 Qc6 28. Kc2 Kc7 29. Qf4+ Qd6 30. Qf3 h6 31. Rd4 Qe5 32. Qd3 Rd6 33. a4 Qe1 34. Qd2 Qxd2+ 35. Rxd2 Rd7 36. Kd3 Re7 37. Rd1 Re4 38. b3 Kd6 39. f3 Re7 40. Rf1 Kc5 1/2-1/2

[Event "American Continental 08th"]
[Site "Mar del Plata"]
[Date "2012.10.18"]
[Round "8"]
[White "Chiari, Arthur Gontijo"]
[Black "Teixeira, Ricardo da Silva"]
[Result "1-0"]
[WhiteElo "2098"]
[BlackElo "2276"]
[PlyCount "75"]
[EventDate "2012.10.12"]
[EventType "swiss"]
[EventRounds "11"]
[EventCountry "ARG"]
[SourceTitle "EXT 2013"]
[Source "ChessBase"]
[SourceDate "2012.11.22"]
[SourceVersion "1"]
[SourceVersionDate "2012.11.22"]
[SourceQuality "1"]

1. e4 Nf6 2. e5 Nd5 3. c4 Nb6 4. d4 d6 5. f4 dxe5 6. fxe5 Bf5 7. Nc3 e6 8. Be3 Bb4 9. Nf3 c5 10. a3 Bxc3+ 11. bxc3 Nc6 12. Be2 0-0 13. 0-0 Na5 14. Nd2 Rc8 15. d5 Bg6 16. d6 Nd7 17. Nf3 Nb6 18. Nd2 Nd7 19. Bf4 f6 20. Bg4 fxe5 21. Bxe6+ Bf7 22. Bxf7+ Rxf7 23. Bg3 Rxf1+ 24. Nxf1 Qf6 25. Qg4 Qf7 26. Ne3 Rf8 27. Rd1 Nc6 28. Rf1 Nf6 29. Qf5 Nd7 30. Qh3 Qe8 31. Nf5 g6 32. Ne7+ Nxe7 33. Qe6+ Rf7 34. Rxf7 Qxf7 35. Qxd7 Nc6 36. Qc8+ Kg7 37. d7 Qf6 38. Qxc6 1-0

[Event "American Continental 08th"]
[Site "Mar del Plata"]
[Date "2012.10.17"]
[Round "7"]
[White "Epelboim, Matias"]
[Black "Chiari, Arthur Gontijo"]
[Result "0-1"]
[WhiteElo "1941"]
[BlackElo "2098"]
[PlyCount "58"]
[EventDate "2012.10.12"]
[EventType "swiss"]
[EventRounds "11"]
[EventCountry "ARG"]
[SourceTitle "EXT 2013"]
[Source "ChessBase"]
[SourceDate "2012.11.22"]
[SourceVersion "1"]
[SourceVersionDate "2012.11.22"]
[SourceQuality "1"]

1. e4 c5 2. Nf3 d6 3. d4 cxd4 4. Nxd4 Nf6 5. Nc3 a6 6. Bc4 e6 7. Bb3 Nbd7 8. f4 Nc5 9. f5 Be7 10. 0-0 0-0 11. fxe6 fxe6 12. Nf5 Nxb3 13. Nxe7+ Qxe7 14. axb3 h6 15. Qe1 Bd7 16. Qh4 Bc6 17. Rf3 Rf7 18. Re3 Raf8 19. Bd2 Qd8 20. Ree1 Qb6+ 21. Be3 Qb4 22. Qg3 Kh7 23. e5 dxe5 24. Qxe5 Qg4 25. Qg3 Qf5 26. Qf2 Qg6 27. Qd2 Rd7 28. Qe2 Ng4 29. Bb6 Nf2 0-1

[Event "American Continental 08th"]
[Site "Mar del Plata"]
[Date "2012.10.13"]
[Round "2"]
[White "Chiari, Arthur Gontijo"]
[Black "Martinez Romero, Martin"]
[Result "0-1"]
[WhiteElo "2098"]
[BlackElo "2368"]
[PlyCount "76"]
[EventDate "2012.10.12"]
[EventType "swiss"]
[EventRounds "11"]
[EventCountry "ARG"]
[SourceTitle "EXT 2013"]
[Source "ChessBase"]
[SourceDate "2012.11.22"]
[SourceVersion "1"]
[SourceVersionDate "2012.11.22"]
[SourceQuality "1"]

1. e4 c5 2. Nf3 d6 3. d4 cxd4 4. Nxd4 Nf6 5. Nc3 a6 6. Qf3 e6 7. g4 Nc6 8. Nxc6 bxc6 9. g5 Nd7 10. Bf4 Ne5 11. Qg3 Ng6 12. Be3 d5 13. h4 Bd6 14. f4 Qc7 15. Ne2 dxe4 16. Bg2 e5 17. 0-0 exf4 18. Nxf4 0-0 19. h5 Nxf4 20. Bxf4 Bxf4 21. Qxf4 Qxf4 22. Rxf4 Rb8 23. Bxe4 Rxb2 24. a4 Be6 25. Ra3 c5 26. Bd3 Rb4 27. Rf2 a5 28. Rg2 Rd8 29. g6 hxg6 30. hxg6 fxg6 31. Rxg6 Kf7 32. Rg5 Rd5 33. Rxd5 Bxd5 34. Bb5 Rg4+ 35. Kf1 Re4 36. Kg1 g5 37. Rc3 c4 38. Rg3 g4 0-1

[Event "Mineiro-ch"]
[Site "Belo Horizonte"]
[Date "2012.09.29"]
[Round "3"]
[White "Duarte, Renato Cassio del G"]
[Black "Chiari, Arthur Gontijo"]
[Result "1/2-1/2"]
[WhiteElo "2131"]
[BlackElo "2098"]
[PlyCount "100"]
[EventDate "2012.09.29"]
[EventType "swiss"]
[EventRounds "5"]
[EventCountry "BRA"]
[SourceTitle "EXT 2015"]
[Source "ChessBase"]
[SourceDate "2014.11.20"]
[SourceVersion "1"]
[SourceVersionDate "2014.11.20"]
[SourceQuality "1"]

1. d4 Nf6 2. Nc3 d5 3. Bf4 c5 4. e3 g6 5. Nf3 Bg7 6. Be2 0-0 7. 0-0 cxd4 8. exd4 Nc6 9. Ne5 Bf5 10. Be3 Rc8 11. Bd3 Be6 12. Be2 Nxe5 13. dxe5 Ne4 14. Bd4 Qa5 15. Bg4 Bxg4 16. Qxg4 Nxc3 17. Bxc3 Qa6 18. Rfe1 e6 19. Rad1 Qxa2 20. Ra1 Qc4 21. Qxc4 Rxc4 22. Rxa7 Rb8 23. Rea1 d4 24. Ra8 Rxa8 25. Rxa8+ Bf8 26. Bd2 Kg7 27. c3 dxc3 28. Bxc3 Bb4 29. Ra4 Rxc3 30. bxc3 Bxc3 31. Rc4 Bd2 32. Kf1 b5 33. Rc7 b4 34. Ke2 Bc3 35. f4 g5 36. g3 gxf4 37. gxf4 Kg6 38. Kf3 h6 39. Ke4 Bd2 40. Rb7 Bc3 41. Rb6 Kg7 42. f5 exf5+ 43. Kxf5 Kf8 44. Rxh6 b3 45. Rb6 b2 46. h4 Kg7 47. h5 Bd4 48. Rb3 Bc3 49. Rb7 Kh6 50. Kf6 Kxh5 1/2-1/2

[Event "Pan American-ch U20"]
[Site "Sao Paulo"]
[Date "2012.07.04"]
[Round "9"]
[White "Martinez Alcantara, Jose Eduardo"]
[Black "Chiari, Arthur Gontijo"]
[Result "1/2-1/2"]
[WhiteElo "2155"]
[BlackElo "2010"]
[PlyCount "121"]
[EventDate "2012.06.29"]
[EventType "swiss"]
[EventRounds "9"]
[EventCountry "BRA"]
[SourceTitle "CBM 149 Extra"]
[Source "ChessBase"]
[SourceDate "2012.08.24"]
[SourceVersion "1"]
[SourceVersionDate "2012.08.24"]
[SourceQuality "1"]

1. e4 c5 2. Nf3 d6 3. d4 cxd4 4. Nxd4 Nf6 5. Nc3 a6 6. Bc4 e6 7. 0-0 Be7 8. Qf3 0-0 9. Bb3 Nbd7 10. Qg3 Nc5 11. Bh6 Ne8 12. Rad1 Nxb3 13. cxb3 Bh4 14. Qg4 f5 15. exf5 exf5 16. Qh5 gxh6 17. Nd5 Ng7 18. Qxh6 Bg5 19. Qh3 Bf6 20. Qh6 Bd7 21. Rd3 Bxd4 22. Rxd4 Bc6 23. Rfd1 Bxd5 24. Rxd5 Qf6 25. Qxf6 Rxf6 26. Rxd6 Rxd6 27. Rxd6 Re8 28. g3 Re2 29. Rb6 Re7 30. b4 Kf7 31. b5 axb5 32. Rxb5 Ke6 33. Rb6+ Ke5 34. a4 Ne6 35. a5 Kd5 36. a6 bxa6 37. Rxa6 Nd4 38. Kg2 Rb7 39. Rh6 Ke5 40. Rh4 Nc2 41. Rh5 Rxb2 42. Rxh7 Ne3+ 43. Kh3 Rxf2 44. Re7+ Kd4 45. Rd7+ Ke4 46. Ra7 Ng4 47. Ra4+ Ke5 48. Kh4 Nxh2 49. Ra5+ Ke4 50. Ra4+ Ke3 51. Ra3+ Kd4 52. Ra4+ Ke5 53. Ra5+ Ke4 54. Ra4+ Kd5 55. Ra5+ Ke6 56. Ra6+ Ke5 57. Ra5+ Kd4 58. Ra4+ Kc3 59. Kg5 Ng4 60. Rf4 Rxf4 61. Kxf4 1/2-1/2

[Event "Pan American-ch U20"]
[Site "Sao Paulo"]
[Date "2012.07.03"]
[Round "8"]
[White "Mandetta, Joao Danilo"]
[Black "Chiari, Arthur Gontijo"]
[Result "0-1"]
[WhiteElo "2132"]
[BlackElo "2010"]
[PlyCount "176"]
[EventDate "2012.06.29"]
[EventType "swiss"]
[EventRounds "9"]
[EventCountry "BRA"]
[SourceTitle "CBM 149 Extra"]
[Source "ChessBase"]
[SourceDate "2012.08.24"]
[SourceVersion "1"]
[SourceVersionDate "2012.08.24"]
[SourceQuality "1"]

1. c4 Nf6 2. g3 g6 3. Bg2 d5 4. cxd5 Nxd5 5. Nc3 Nb6 6. Nf3 Bg7 7. 0-0 Nc6 8. d3 0-0 9. Be3 e5 10. Qc1 Re8 11. Rd1 Nd4 12. Bg5 f6 13. Bh6 Bh8 14. Nxd4 exd4 15. Ne4 c6 16. Re1 Qe7 17. Bf4 Be6 18. Bd6 Qd7 19. Ba3 Bd5 20. Qf4 f5 21. Nc5 Qf7 22. Bf1 Rad8 23. b3 Be5 24. Qd2 Nc8 25. Na4 Nd6 26. Bg2 Bxg2 27. Kxg2 Nb5 28. Bb2 Nc7 29. Rac1 Qd5+ 30. Kg1 Bd6 31. e4 dxe3 32. fxe3 Be5 33. Rc5 Qd6 34. Rxe5 Rxe5 35. Bxe5 Qxe5 36. d4 Qe7 37. Nc3 Ne6 38. Qd3 Ng5 39. Re2 Kg7 40. e4 fxe4 41. Nxe4 Re8 42. Nc3 Qf7 43. Kg2 Rf8 44. Rc2 Qe6 45. Rf2 Qh3+ 46. Kg1 Rxf2 47. Kxf2 Qxh2+ 48. Ke1 Qh1+ 49. Kd2 Nf3+ 50. Ke3 Ng5 51. Qe2 Qg1+ 52. Kd3 Qxg3+ 53. Kc2 Qd6 54. Qd3 Ne6 55. d5 cxd5 56. Nxd5 Qc5+ 57. Nc3 Qf5 58. Ne4 Nf4 59. Qd4+ Kh6 60. Kb2 Ne6 61. Qe3+ Kg7 62. Qc3+ Kh6 63. Qe3+ g5 64. Nc3 b6 65. Qg3 Nf4 66. Qh2+ Qh3 67. Qd2 Qg2 68. Kc1 Qxd2+ 69. Kxd2 Kg6 70. Ke3 h5 71. Nb5 a5 72. Nd6 h4 73. Kf3 Nd5 74. Kg4 Nf6+ 75. Kf3 Kh5 76. Nf5 g4+ 77. Kg2 Nd5 78. Nd6 Kg5 79. a3 Kf4 80. b4 axb4 81. axb4 Nxb4 82. Nc4 Nd5 83. Kh1 b5 84. Nd2 b4 85. Kh2 Ne3 86. Kg1 g3 87. Kh1 h3 88. Nb3 Ng4 0-1

[Event "Pan American-ch U20"]
[Site "Sao Paulo"]
[Date "2012.07.02"]
[Round "6"]
[White "Chiari, Arthur Gontijo"]
[Black "De Carvalho, Igor Lorenzon"]
[Result "1-0"]
[WhiteElo "2010"]
[BlackElo "1865"]
[PlyCount "107"]
[EventDate "2012.06.29"]
[EventType "swiss"]
[EventRounds "9"]
[EventCountry "BRA"]
[SourceTitle "CBM 149 Extra"]
[Source "ChessBase"]
[SourceDate "2012.08.24"]
[SourceVersion "1"]
[SourceVersionDate "2012.08.24"]
[SourceQuality "1"]

1. e4 c6 2. d4 d5 3. Nd2 dxe4 4. Nxe4 Nf6 5. Nxf6+ gxf6 6. c3 Bf5 7. Nf3 e6 8. g3 Nd7 9. Bg2 Bg7 10. Nh4 Bg6 11. a4 a5 12. Qe2 0-0 13. Nxg6 hxg6 14. h4 Re8 15. h5 gxh5 16. Qxh5 Nf8 17. Bh6 Ng6 18. Bxg7 Kxg7 19. Qh6+ Kg8 20. 0-0-0 f5 21. Bf3 Qf6 22. Bh5 Qg7 23. Bxg6 fxg6 24. Qg5 Kf7 25. g4 Rh8 26. Qf4 g5 27. Qc7+ Kg6 28. Qd6 Kf7 29. Rde1 Rhe8 30. gxf5 exf5 31. Re5 Rxe5 32. dxe5 Re8 33. Qd7+ Re7 34. Qxf5+ Ke8 35. e6 g4 36. Qxg4 Kd8 37. Qxg7 Rxg7 38. f4 Ke7 39. f5 Kf6 40. Re1 Re7 41. Rf1 Rh7 42. Kc2 Rh3 43. Re1 Rh8 44. e7 Re8 45. Kd3 Kxf5 46. Kc4 b6 47. b4 axb4 48. cxb4 Kf6 49. a5 bxa5 50. bxa5 Kf7 51. a6 Ra8 52. e8Q+ Rxe8 53. Rxe8 Kxe8 54. a7 1-0

[Event "Pan American-ch U20"]
[Site "Sao Paulo"]
[Date "2012.07.01"]
[Round "4"]
[White "Chiari, Arthur Gontijo"]
[Black "Stone, Ronnie Frank Pires"]
[Result "1-0"]
[WhiteElo "2010"]
[BlackElo "1928"]
[PlyCount "37"]
[EventDate "2012.06.29"]
[EventType "swiss"]
[EventRounds "9"]
[EventCountry "BRA"]
[SourceTitle "CBM 149 Extra"]
[Source "ChessBase"]
[SourceDate "2012.08.24"]
[SourceVersion "1"]
[SourceVersionDate "2012.08.24"]
[SourceQuality "1"]

1. e4 c5 2. Nf3 d6 3. d4 cxd4 4. Nxd4 Nf6 5. Nc3 a6 6. Qf3 g6 7. h3 Bg7 8. Be3 0-0 9. 0-0-0 Qc7 10. g4 Nc6 11. Qg2 Ne5 12. g5 Nh5 13. Be2 Nc4 14. Nd5 Nxe3 15. Nxc7 Nxg2 16. Nxa8 Nhf4 17. Bf1 Bxh3 18. Nb6 Bg4 19. Rd2 1-0

[Event "BRA-ch U16"]
[Site "Sao Paulo"]
[Date "2012.05.01"]
[Round "7"]
[White "Alvarenga de Carvalho, Miguel Angel"]
[Black "Chiari, Arthur Gontijo"]
[Result "1/2-1/2"]
[WhiteElo "2065"]
[BlackElo "2008"]
[PlyCount "65"]
[EventDate "2012.04.28"]
[EventType "swiss"]
[EventRounds "7"]
[EventCountry "BRA"]
[SourceTitle "CBM 148 Extra"]
[Source "ChessBase"]
[SourceDate "2012.06.22"]
[SourceVersion "1"]
[SourceVersionDate "2012.06.22"]
[SourceQuality "1"]

1. e4 c5 2. Nf3 d6 3. d4 cxd4 4. Nxd4 Nf6 5. Nc3 a6 6. h3 e6 7. g4 d5 8. exd5 Nxd5 9. Bd2 Bb4 10. Nxd5 Bxd2+ 11. Qxd2 Qxd5 12. Rg1 0-0 13. Bg2 Qe5+ 14. Qe3 Qxe3+ 15. fxe3 Nd7 16. 0-0-0 Ne5 17. Nb3 Ra7 18. Na5 b6 19. Nc6 Nxc6 20. Bxc6 Rc7 21. Rd6 Bb7 22. Bxb7 Rxb7 23. Rgd1 g6 24. Rd7 Rfb8 25. g5 Kg7 26. b3 h6 27. h4 hxg5 28. hxg5 a5 29. R1d6 Rxd7 30. Rxd7 Rc8 31. Rb7 Rc5 32. Rxb6 Rxg5 33. c4 1/2-1/2

[Event "BRA-ch U16"]
[Site "Sao Paulo"]
[Date "2012.04.29"]
[Round "3"]
[White "Pinheiro, Ghabriel Alves"]
[Black "Chiari, Arthur Gontijo"]
[Result "0-1"]
[WhiteElo "1770"]
[BlackElo "2008"]
[PlyCount "56"]
[EventDate "2012.04.28"]
[EventType "swiss"]
[EventRounds "7"]
[EventCountry "BRA"]
[SourceTitle "CBM 148 Extra"]
[Source "ChessBase"]
[SourceDate "2012.06.22"]
[SourceVersion "1"]
[SourceVersionDate "2012.06.22"]
[SourceQuality "1"]

1. e4 c5 2. Nf3 d6 3. d4 cxd4 4. Nxd4 Nf6 5. Nc3 a6 6. Be3 e5 7. Nb3 Be6 8. Be2 Be7 9. Qd2 0-0 10. h3 Nc6 11. g4 d5 12. exd5 Nxd5 13. 0-0-0 Nxe3 14. fxe3 Qb6 15. Bf3 a5 16. Nd5 Bxd5 17. Bxd5 a4 18. Na1 Nb4 19. c3 Nxd5 20. Qxd5 a3 21. b3 Qxe3+ 22. Kc2 Rad8 23. Qg2 Bh4 24. Rhf1 e4 25. g5 Rd3 26. Rxd3 Qxd3+ 27. Kc1 Bxg5+ 28. Qxg5 Qxf1+ 0-1

[Event "BRA-ch U16"]
[Site "Sao Paulo"]
[Date "2012.04.28"]
[Round "2"]
[White "Chiari, Arthur Gontijo"]
[Black "Moretti, Marcos Paulo"]
[Result "1/2-1/2"]
[WhiteElo "2008"]
[BlackElo "1780"]
[PlyCount "96"]
[EventDate "2012.04.28"]
[EventType "swiss"]
[EventRounds "7"]
[EventCountry "BRA"]
[SourceTitle "CBM 148 Extra"]
[Source "ChessBase"]
[SourceDate "2012.06.22"]
[SourceVersion "1"]
[SourceVersionDate "2012.06.22"]
[SourceQuality "1"]

1. e4 e6 2. d4 d5 3. Nd2 dxe4 4. Nxe4 Bd7 5. Nf3 Bc6 6. Bd3 Bxe4 7. Bxe4 c6 8. 0-0 Nf6 9. Bd3 Bd6 10. b3 Nbd7 11. Bb2 Qc7 12. c4 0-0 13. Qe2 Rfe8 14. Rfe1 Bf8 15. Rad1 g6 16. Bc2 Bg7 17. Rd3 b5 18. Red1 a5 19. Ne5 Nb6 20. Qf3 Rac8 21. Ba3 b4 22. Bc1 Nh5 23. Ng4 a4 24. Nh6+ Bxh6 25. Bxh6 f5 26. Re3 Nf6 27. Bf4 Qf7 28. Bd6 Qb7 29. Rde1 Kf7 30. Qe2 Qd7 31. Bxb4 axb3 32. axb3 Qxd4 33. Rxe6 Ne4 34. Rxe8 Rxe8 35. Qe3 Qxe3 36. Rxe3 c5 37. Ba5 Ra8 38. Be1 Ng5 39. f3 Ne6 40. Bc3 Ra2 41. Bb1 Ra3 42. Bc2 Ra2 43. Re2 Nc7 44. Rd2 Na6 45. g4 Nb4 46. Bxb4 cxb4 47. Kf2 Nxc4 48. Re2 Nd6 1/2-1/2

[Event "BRA-ch Mineiro"]
[Site "Nova Resende"]
[Date "2011.12.10"]
[Round "6.8"]
[White "Chiari, Arthur Gontijo"]
[Black "Fontoura, Rogerio Lemos"]
[Result "0-1"]
[WhiteElo "2021"]
[BlackElo "1984"]
[PlyCount "60"]
[EventDate "2011.12.08"]
[EventType "swiss"]
[EventRounds "7"]
[EventCountry "BRA"]
[SourceTitle "EXT 2022"]
[Source "ChessBase"]
[SourceDate "2021.10.06"]
[SourceVersion "1"]
[SourceVersionDate "2021.10.06"]
[SourceQuality "1"]

1. e4 e5 2. Nf3 Nc6 3. Bb5 a6 4. Ba4 d6 5. c3 Bd7 6. 0-0 g6 7. d4 Bg7 8. d5 Nb8 9. Bxd7+ Nxd7 10. c4 Nc5 11. Nc3 a5 12. b3 Ne7 13. a3 0-0 14. Bd2 h6 15. b4 Nd7 16. Ne1 f5 17. exf5 gxf5 18. Rb1 axb4 19. axb4 e4 20. Ne2 Ng6 21. Qc1 Kh7 22. Nc2 Nde5 23. Ncd4 Qh4 24. Ne6 Nf3+ 25. gxf3 exf3 26. N2f4 Nxf4 27. Nxf4 Be5 28. Kh1 Rg8 29. Qc2 Rg5 30. Rg1 Rh5 0-1

[Event "BRA-ch Mineiro"]
[Site "Nova Resende"]
[Date "2011.12.09"]
[Round "2.3"]
[White "Chiari, Arthur Gontijo"]
[Black "Ladeira, Jarbas de Carvalho"]
[Result "0-1"]
[WhiteElo "2021"]
[BlackElo "2251"]
[PlyCount "146"]
[EventDate "2011.12.08"]
[EventType "swiss"]
[EventRounds "7"]
[EventCountry "BRA"]
[SourceTitle "EXT 2022"]
[Source "ChessBase"]
[SourceDate "2021.10.06"]
[SourceVersion "1"]
[SourceVersionDate "2021.10.06"]
[SourceQuality "1"]

1. e4 c5 2. Nf3 e6 3. d4 cxd4 4. Nxd4 a6 5. Nc3 Qc7 6. Be2 Nf6 7. 0-0 Nc6 8. Kh1 Be7 9. f4 d6 10. a4 0-0 11. Be3 Bd7 12. Nb3 Nb4 13. Bf3 Bc6 14. g4 d5 15. e5 Nxg4 16. Bd4 Nh6 17. Rg1 Nf5 18. Ne2 a5 19. c3 Na6 20. Ng3 Nxd4 21. Nxd4 g6 22. Qe2 Kh8 23. b3 Bc5 24. Qe3 f6 25. Raf1 f5 26. Nge2 Qe7 27. Qd2 Rfd8 28. Rg5 Qf7 29. Rfg1 Be7 30. R5g2 Nc5 31. Qe1 Rg8 32. h4 Be8 33. Rh2 Ra6 34. Rgg2 h5 35. Rg1 Qf8 36. Rhg2 Bf7 37. Kh2 Kh7 38. Kh3 Qh6 39. Qd2 Rb6 40. Nc1 Rd8 41. Bd1 Ne4 42. Qe3 Bc5 43. Nce2 Rc8 44. Rf1 Rbc6 45. Rf3 Bb6 46. Qd3 Bxd4 47. Qxd4 Qf8 48. Rg1 Qc5 49. Qxc5 Rxc5 50. b4 Rc4 51. bxa5 Nxc3 52. Nxc3 Rxc3 53. Rgg3 d4 54. Rxc3 dxc3 55. Bc2 Be8 56. Rd3 Bc6 57. Kg3 Kg8 58. Bb3 Bd5 59. Bxd5 c2 60. Bxe6+ Kf8 61. Bxc8 c1Q 62. Rd8+ Ke7 63. Rh8 Qe3+ 64. Kg2 Qxf4 65. Rh7+ Kf8 66. e6 Kg8 67. Rxb7 Qd2+ 68. Kg1 Qc1+ 69. Kh2 Qxc8 70. e7 Kf7 71. a6 Qc2+ 72. Kg1 Qc5+ 73. Kh2 Qd6+ 0-1

[Event "BRA-ch Mineiro"]
[Site "Nova Resende"]
[Date "2011.12.09"]
[Round "4.5"]
[White "Crespo de Oliveira, Lucas"]
[Black "Chiari, Arthur Gontijo"]
[Result "1-0"]
[WhiteElo "2123"]
[BlackElo "2021"]
[PlyCount "95"]
[EventDate "2011.12.08"]
[EventType "swiss"]
[EventRounds "7"]
[EventCountry "BRA"]
[SourceTitle "EXT 2022"]
[Source "ChessBase"]
[SourceDate "2021.10.06"]
[SourceVersion "1"]
[SourceVersionDate "2021.10.06"]
[SourceQuality "1"]

1. e4 c5 2. Nf3 d6 3. d4 cxd4 4. Nxd4 Nf6 5. Nc3 a6 6. Bg5 Nbd7 7. Bc4 Qb6 8. Bb3 e6 9. Qd2 Be7 10. f3 Nc5 11. 0-0-0 Qc7 12. Kb1 b5 13. a3 Bd7 14. g4 Rb8 15. h4 a5 16. Bxf6 Bxf6 17. g5 Be7 18. h5 b4 19. axb4 axb4 20. Na2 Qa7 21. g6 fxg6 22. hxg6 h6 23. Rh5 Bf6 24. Nxb4 Ra8 25. Ba2 Na6 26. Ra5 Qb6 27. Rxa6 Rxa6 28. Nxa6 Qxa6 29. Bxe6 Qb6 30. c3 Ba4 31. Re1 Ke7 32. Bf7 Bxd4 33. cxd4 Rc8 34. Rc1 Rxc1+ 35. Kxc1 Qa6 36. b3 Bd7 37. Bc4 Qa3+ 38. Kc2 Qa2+ 39. Kd3 Qb1+ 40. Kc3 Qa1+ 41. Kb4 Kd8 42. Qf2 Kc7 43. d5 Qa8 44. f4 Qa1 45. e5 dxe5 46. d6+ Kc8 47. Qc5+ Kb7 48. Qc7+ 1-0

[Event "Wch U14"]
[Site "Caldas Novas"]
[Date "2011.11.22"]
[Round "5"]
[White "Chiari, Arthur Gontijo"]
[Black "Gardim, Leonardo D'Almada"]
[Result "1-0"]
[WhiteElo "2021"]
[BlackElo "1528"]
[PlyCount "61"]
[EventDate "2011.11.18"]
[EventType "swiss"]
[EventRounds "9"]
[EventCountry "BRA"]
[SourceTitle "EXT 2013"]
[Source "ChessBase"]
[SourceDate "2012.11.22"]
[SourceVersion "1"]
[SourceVersionDate "2012.11.22"]
[SourceQuality "1"]

1. e4 c5 2. Nf3 d6 3. d4 cxd4 4. Nxd4 Nf6 5. Nc3 a6 6. Qf3 e6 7. g4 Be7 8. g5 Nfd7 9. h4 Nc6 10. Be3 Qc7 11. 0-0-0 b6 12. Bh3 Nde5 13. Qe2 Na5 14. Nb3 b5 15. Bd4 Nac6 16. f4 Nxd4 17. Nxd4 Nc4 18. Qd3 Bd7 19. f5 b4 20. fxe6 fxe6 21. Nce2 Qc8 22. Rhf1 a5 23. Kb1 a4 24. Qf3 Ne5 25. Qg3 a3 26. b3 g6 27. Nf4 Nc6 28. Ndxe6 Ne5 29. Ng7+ Kd8 30. Nfe6+ Bxe6 31. Nxe6+ 1-0